00503nam a22002057a 450000500170000001000130001702000100003003500130004003700160005304000120006908200160008110000220009724500490011926000350016827000110020330000250021450000190023965000200025865000190027820170124110152.0 aA-952718 c90.00 aA-952718 aCen Lib/Ret aDPLbEN a615.53bKON aKondekar, Prakash aFood is your medicine /cby Prakash Kondekar aMumbaibConsultant naturopath  bMumbai axii,106p. c16cm(Hb) aIncludes Index aHealth science  aNaturopathlogy